[Event "Candidates f Kortschnoj-Spassky +7-4=7"]
[Site "Belgrade"]
[Date "1978.01.04"]
[Round "15"]
[White "Kortschnoj, Viktor Lvovich"]
[Black "Spassky, Boris Vasilievich"]
[Result "1/2-1/2"]
[WhiteElo "2665"]
[BlackElo "2630"]
[PlyCount "67"]
[EventDate "1977.11.21"]
[EventType "match"]
[EventRounds "18"]
[EventCountry "YUG"]
[SourceTitle "Candidates"]
[Source "ChessBase"]
[SourceDate "1999.07.01"]
[SourceVersion "2"]
[SourceVersionDate "1999.07.01"]
[SourceQuality "1"]

1. d4 d5 2. c4 e6 3. Nc3 c5 4. cxd5 exd5 5. Nf3 Nc6 6. g3 Nf6 7. Bg2 Be7 8. O-O Be6 9. dxc5 Bxc5 10. Bg5 d4 11. Ne4 Be7 12. Bxf6 Bxf6 13. Ne1 ({RR} 13. Qd2 O-O 14. Rfd1 Bd5 15. Nxf6+ Qxf6 16. Nxd4 Bxg2 17. Kxg2 Rad8 18. e3 Nxd4 19. exd4 Rd5 20. Rac1 Rfd8 21. Qb4 b6 22. Rc7 Rf5 23. Rd2 Qe6 24. Qe7 Qd5+ 25. Kg1 h5 26. h4 Rd6 27. Qe1 Qxa2 {Andersson,U (2590)-Nunn,J (2515) Hastings 1980 ½-½ (47)}) ({RR} 13. Qd2 O-O 14. Rfd1 Bd5 15. Nxf6+ Qxf6 16. Nxd4 Bxg2 17. Kxg2 Rad8 18. e3 Nxd4 19. exd4 Rd5 20. Rac1 Rfd8 21. Qb4 b6 22. Rc7 Rf5 23. Rd2 Qe6 24. Qe7 Qd5+ 25. Kg1 h5 26. h4 Rd6 27. Qe1 Qxa2 {Andersson,U (2590)-Nunn,J (2515) Hastings 1980 ½-½ (47)}) 13... Be7 14. Nd3 Rb8 $146 ({RR} 14... Qb6 15. Nf4 Bf5 16. Nd5 Qd8 17. Rc1 O-O 18. Nxe7+ Qxe7 19. Nc5 Rad8 20. Qd2 b6 21. Nb3 Be4 22. Bxe4 Qxe4 23. Qc2 Qxc2 24. Rxc2 Rd6 25. Rfc1 Ne5 26. f4 Ng4 27. Rd2 f5 28. Rxd4 {½-½ (28) Gross,S (2290)-Skorna,U (2205) Budapest 1996}) ({RR} 14... Qb6 15. Nf4 O-O 16. Nd2 Rad8 17. Nxe6 fxe6 18. Qb3 Qxb3 19. axb3 Bb4 20. Nc4 Ra8 21. Bxc6 bxc6 22. Ra6 Rfc8 23. Ne5 c5 24. Rd1 Re8 25. f4 Re7 26. Rd3 g6 27. Kf2 Rb7 28. Rxe6 Rb6 29. Rxb6 {Tereshchenko,E (1924)-Urangoo,M (1704) Montesilvano ITA 2026 1-0 (52)}) ({RR} 14... Qb6 15. Nf4 Bf5 16. Nd5 Qd8 17. Rc1 O-O 18. Nxe7+ Qxe7 19. Nc5 Rad8 20. Qd2 b6 21. Nb3 Be4 22. Bxe4 Qxe4 23. Qc2 Qxc2 24. Rxc2 Rd6 25. Rfc1 Ne5 26. f4 Ng4 27. Rd2 f5 28. Rxd4 {½-½ (28) Gross,S (2290)-Skorna,U (2205) Budapest 1996}) ({RR} 14... Qb6 15. Nf4 O-O 16. Nd2 Rad8 17. Nxe6 fxe6 18. Qb3 Qxb3 19. axb3 Bb4 20. Nc4 Ra8 21. Bxc6 bxc6 22. Ra6 Rfc8 23. Ne5 c5 24. Rd1 Re8 25. f4 Re7 26. Rd3 g6 27. Kf2 Rb7 28. Rxe6 Rb6 29. Rxb6 {Tereshchenko,E (1924)-Urangoo,M (1704) Montesilvano ITA 2026 1-0 (52)}) 15. Nf4 Bf5 16. Rc1 O-O 17. Nc5 Bg5 18. Qd2 Qe7 19. Rfd1 Rfd8 20. h4 Bh6 21. Nxb7 Qxb7 22. Rxc6 Qxb2 23. Qxb2 Rxb2 24. Nd5 Kf8 25. Rxd4 Be6 26. e3 Rxa2 27. Nc3 Ra1+ 28. Kh2 Rxd4 29. exd4 Bd2 30. d5 Bxc3 31. Rxc3 Bd7 32. Rc7 Ke8 33. Rb7 f5 34. d6 1/2-1/2

[Event "OHRA-A"]
[Site "Amsterdam"]
[Date "1989.??.??"]
[Round "?"]
[White "Speelman, Jonathan S"]
[Black "Gulko, Boris F"]
[Result "1/2-1/2"]
[WhiteElo "2615"]
[BlackElo "2610"]
[PlyCount "36"]
[EventDate "1989.07.??"]
[EventType "tourn"]
[EventRounds "10"]
[EventCountry "NED"]
[EventCategory "14"]
[SourceTitle "CBM 014"]
[Source "ChessBase"]
[SourceDate "1990.02.01"]
[SourceVersion "1"]
[SourceVersionDate "1990.02.01"]
[SourceQuality "1"]

1. Nf3 {Ribli,Zoltan Ribli,Zoltan} Nf6 2. c4 c5 3. Nc3 Nc6 4. d4 cxd4 5. Nxd4 e6 6. a3 Be7 ({RR} 6... d5) ({RR} 6... Bc5 7. Nb3 Be7) ({RR} 6... d5) ({RR} 6... Bc5 7. Nb3 Be7) 7. g3 d5 ({RR} 7... Qb6 8. Nf3 ({RR} 8. Nf3 Ng4 9. e3 O-O 10. Bg2 Nge5 11. Nxe5 Nxe5 12. b3 Bf6 13. Ra2 d5 14. cxd5 Qa6 15. Bf1 Nf3+ 16. Qxf3 Bxc3+ 17. Bd2) ({RR} 8. Nf3 Ng4 9. e3 O-O 10. Bg2 Nge5 11. Nxe5 Nxe5 12. b3 Bf6 13. Ra2 d5 14. cxd5 Qa6 15. Bf1 Nf3+ 16. Qxf3 Bxc3+ 17. Bd2) 8... O-O 9. Bg2 Rd8 10. O-O d5 11. cxd5 exd5 12. Na4 Qa6 13. Be3 Bg4 14. Bc5 Re8 15. Bxe7 Rxe7 16. e3 Ne5 17. Nc3 Rd8 18. Rc1 Ree8 19. Kh1 Ne4 20. Nxd5 Qe6 21. Nc7 Rxd1 22. Nxe6 {Carlsen,M (2801)-Gelfand,B (2758) Moscow 2009 ½-½ (74)}) ({RR} 7... Ne5 8. e4 d5 ({RR} 8... d6 9. f4 Ned7 10. Bg2) ({RR} 8... Qb6) ({RR} 8... d6 9. f4 Ned7 10. Bg2) ({RR} 8... Qb6) 9. cxd5 exd5 10. Bb5+ Bd7 11. Bf4 Ng6 ({RR} 11... Nc6 12. e5) ({RR} 11... Nc6 12. e5) 12. e5 Ne4 13. Nxe4 ({RR} 13. Nxd5 O-O ({RR} 13... Bc5 14. Qa4 ({RR} 14. O-O O-O ({RR} 14... Bxd4 15. Qxd4 Bxb5 16. Rfd1 Nxf4 17. gxf4 Ng5 18. fxg5 Qxg5+ 19. Kh1 Bc6) ({RR} 14... Bxd4 15. Qxd4 Bxb5 16. Rfd1 Nxf4 17. gxf4 Ng5 18. fxg5 Qxg5+ 19. Kh1 Bc6) 15. Bc4 Nxf4 16. gxf4 ({RR} 16. Nxf4 Qb6) ({RR} 16. Nxf4 Qb6) 16... Qh4 17. f3 Ng3) ({RR} 14. O-O O-O 15. Bc4 Nxf4 16. gxf4 Qh4 17. f3 Ng3) 14... Nxf2 15. Kxf2 Bxd4+ 16. Kg2 ({RR} 16. Qxd4 Bxb5 17. Qc5 Bc6 18. Rhd1) ({RR} 16. Qxd4 Bxb5 17. Qc5 Bc6 18. Rhd1)) ({RR} 13... Bc5 14. Qa4 Nxf2 15. Kxf2 Bxd4+ 16. Kg2) 14. Nxe7+ Qxe7 15. Bd3 Nc5 16. Bxg6 hxg6 ({RR} 16... fxg6) ({RR} 16... fxg6)) ({RR} 13. Nxd5 O-O 14. Nxe7+ Qxe7 15. Bd3 Nc5 16. Bxg6 hxg6) 13... Nxf4 ({RR} 13... Bxb5 14. Nxb5 dxe4 15. Qxd8+ Rxd8 16. Ke2 O-O 17. Nxa7 Rd5) ({RR} 13... Bxb5 14. Nxb5 dxe4 15. Qxd8+ Rxd8 16. Ke2 O-O 17. Nxa7 Rd5) 14. gxf4 Bxb5 ({RR} 14... dxe4 15. Qa4) ({RR} 14... dxe4 15. Qa4) 15. Nxb5 dxe4 16. Qxd8+ Rxd8 17. Ke2 f6 ({RR} 17... O-O 18. Rhd1 ({RR} 18. Nxa7 Rd5 19. Rad1 ({RR} 19. Rhd1 Ra5 20. Rd7 Bc5 21. b4 Bxb4) ({RR} 19. Rhd1 Ra5 20. Rd7 Bc5 21. b4 Bxb4) 19... Ra5 20. Rd7 Bxa3 21. bxa3 Rxa7 22. Rb1 Rxa3 23. Rbxb7 Rh3 24. e6 fxe6 25. Rxg7+ Kh8) ({RR} 18. Nxa7 Rd5 19. Rad1 Ra5 20. Rd7 Bxa3 21. bxa3 Rxa7 22. Rb1 Rxa3 23. Rbxb7 Rh3 24. e6 fxe6 25. Rxg7+ Kh8)) ({RR} 17... O-O 18. Rhd1) 18. Nc7+ Kf7 19. e6+ Kg6 20. Rhg1+ Kh6 21. Rad1 Rd6 ({RR} 21... g6 22. Rd7 Rxd7 23. exd7) ({RR} 21... g6 22. Rd7 Rxd7 23. exd7) 22. f5 {Speelman,J (2583)-Holzke,F (2479) Germany 2003 CBM 093 [Ribli,Zoltan] 1-0}) ({RR} 7... Qb6 8. Ndb5 Ne5 9. Bg2 Nxc4 10. Qa4 a6 11. Qxc4 axb5 12. Qxb5 Qxb5 13. Nxb5 O-O 14. Nc7 Ra4 15. b3 Ra5 16. a4 d5 17. Bd2 Rc5 18. Nb5 Rc6 19. Nd4 Rc7 20. O-O Bd7 21. Rfd1 Ra8) ({RR} 7... O-O 8. Bg2 a6 9. O-O Qc7 10. b3 Rb8 11. e4 Rd8 12. Re1 d6 13. Be3 Nxd4 14. Qxd4) ({RR} 7... Qb6 8. Nf3 O-O 9. Bg2 Rd8 10. O-O d5 11. cxd5 exd5 12. Na4 Qa6 13. Be3 Bg4 14. Bc5 Re8 15. Bxe7 Rxe7 16. e3 Ne5 17. Nc3 Rd8 18. Rc1 Ree8 19. Kh1 Ne4 20. Nxd5 Qe6 21. Nc7 Rxd1 22. Nxe6 {Carlsen,M (2801)-Gelfand,B (2758) Moscow 2009 ½-½ (74)}) ({RR} 7... Ne5 8. e4 d5 9. cxd5 exd5 10. Bb5+ Bd7 11. Bf4 Ng6 12. e5 Ne4 13. Nxe4 Nxf4 14. gxf4 Bxb5 15. Nxb5 dxe4 16. Qxd8+ Rxd8 17. Ke2 f6 18. Nc7+ Kf7 19. e6+ Kg6 20. Rhg1+ Kh6 21. Rad1 Rd6 22. f5 {Speelman,J (2583)-Holzke,F (2479) Germany 2003 CBM 093 [Ribli,Zoltan] 1-0}) ({RR} 7... Qb6 8. Ndb5 Ne5 9. Bg2 Nxc4 10. Qa4 a6 11. Qxc4 axb5 12. Qxb5 Qxb5 13. Nxb5 O-O 14. Nc7 Ra4 15. b3 Ra5 16. a4 d5 17. Bd2 Rc5 18. Nb5 Rc6 19. Nd4 Rc7 20. O-O Bd7 21. Rfd1 Ra8) ({RR} 7... O-O 8. Bg2 a6 9. O-O Qc7 10. b3 Rb8 11. e4 Rd8 12. Re1 d6 13. Be3 Nxd4 14. Qxd4) 8. Bg2 O-O 9. O-O ({RR} 9. cxd5 Nxd5 10. Nxd5 exd5 11. O-O Bf6 12. Be3 Be6 13. Rc1 Rc8 14. Nxc6 bxc6 15. Bc5 Re8 16. Qd2 Qc7 17. b4 h6 18. e3 Qd7 19. Bd4 Be7 20. Qc3 f6 21. Bc5 Bh3 22. Qd4 Bxg2 23. Kxg2 a6 {Ambartsumova,K (2385)-Shilon Rahav,E (2317) chess.com INT 2026 1-0 (65)}) ({RR} 9. cxd5 Nxd5 10. Nxd5 exd5 11. O-O Bf6 12. Be3 Be6 13. Rc1 Rc8 14. Nxc6 bxc6 15. Bc5 Re8 16. Qd2 Qc7 17. b4 h6 18. e3 Qd7 19. Bd4 Be7 20. Qc3 f6 21. Bc5 Bh3 22. Qd4 Bxg2 23. Kxg2 a6 {Ambartsumova,K (2385)-Shilon Rahav,E (2317) chess.com INT 2026 1-0 (65)}) 9... Re8 ({RR} 9... dxc4 10. Nxc6 bxc6 11. Qa4 Nd5 12. Qxc6 Bd7 13. Qxc4 Rc8 14. Qa6 Nxc3 15. bxc3 Qb6) ({RR} 9... dxc4 10. Nxc6 bxc6 11. Qa4 Nd5 12. Qxc6 Bd7 13. Qxc4 Rc8 14. Qa6 Nxc3 15. bxc3 Qb6) 10. cxd5 $146 ({RR} 10. h3 Bc5 11. Nb3 Bb6 12. cxd5 exd5 13. Bg5 h6 14. Bxf6 Qxf6 15. e3 Be6 16. Na4 Rad8 17. Nxb6 axb6 18. Nd4 Nxd4 19. Qxd4 Qxd4 20. exd4 Rc8 21. Rfc1 Kf8 22. f4 f6 23. Kf2 Ke7 24. Ke3 Kd6 {Lenic,L (2637)-Rapport,R (2543) Austria 2012 ½-½ (45)}) ({RR} 10. h3 Bc5 11. Nb3 Bb6 12. cxd5 exd5 13. Bg5 h6 14. Bxf6 Qxf6 15. e3 Be6 16. Na4 Rad8 17. Nxb6 axb6 18. Nd4 Nxd4 19. Qxd4 Qxd4 20. exd4 Rc8 21. Rfc1 Kf8 22. f4 f6 23. Kf2 Ke7 24. Ke3 Kd6 {Lenic,L (2637)-Rapport,R (2543) Austria 2012 ½-½ (45)}) 10... exd5 11. Be3 Be6 12. Rc1 Qd7 13. Nxe6 fxe6 14. Bh3 Bf8 15. Nb5 Qf7 16. Nd4 Na5 17. Nf3 Ne4 18. Qd3 Nc6 1/2-1/2

[Event "World Cup"]
[Site "Skelleftea"]
[Date "1989.08.??"]
[Round "11"]
[White "Kortschnoj, Viktor Lvovich"]
[Black "Karpov, Anatoly"]
[Result "1/2-1/2"]
[WhiteElo "2655"]
[BlackElo "2755"]
[PlyCount "43"]
[EventDate "1989.08.??"]
[EventType "tourn"]
[EventRounds "15"]
[EventCountry "SWE"]
[EventCategory "16"]
[SourceTitle "CBM 014"]
[Source "ChessBase"]
[SourceDate "1990.02.01"]
[SourceVersion "1"]
[SourceVersionDate "1990.02.01"]
[SourceQuality "1"]

1. c4 Nf6 2. Nc3 c5 3. Nf3 Nc6 4. d4 cxd4 5. Nxd4 e6 6. e3 d5 7. cxd5 exd5 8. Bb5 Bd7 9. Nde2 ({RR} 9. O-O Bd6 10. b3 a6 11. Nxc6 bxc6 12. Bd3 Qb8 13. h3 Qb4 14. Na4 Qh4 15. Qc2 Rb8 16. Bb2 O-O 17. Bd4 Rfe8 18. f4 Ne4 19. Bxe4 Rxe4 20. Qf2 Qd8 21. Rac1 Re8 22. Nc5 Bc8 23. Rc3 a5 {Indjic,A (2589)-Esipenko,A (2702) Samarkand UZB 2023 1-0 (47)}) ({RR} 9. O-O Bd6 10. b3 O-O 11. Bb2 Re8 12. Nce2 Be5 13. Nxc6 bxc6 14. Bxe5 Rxe5 15. Ba4 c5 16. Bxd7 Qxd7 17. Rc1 Rc8 18. Qd2 Ree8 19. Rfd1 Qb7 20. Nc3 c4 21. bxc4 dxc4 22. Rb1 Qe7 23. Qd6 Qxd6 {Aronian,L (2797)-Gelfand,B (2759) Moscow 2014 ½-½ (48)}) ({RR} 9. O-O Bd6 10. b3 a6 11. Nxc6 bxc6 12. Bd3 Qb8 13. h3 Qb4 14. Na4 Qh4 15. Qc2 Rb8 16. Bb2 O-O 17. Bd4 Rfe8 18. f4 Ne4 19. Bxe4 Rxe4 20. Qf2 Qd8 21. Rac1 Re8 22. Nc5 Bc8 23. Rc3 a5 {Indjic,A (2589)-Esipenko,A (2702) Samarkand UZB 2023 1-0 (47)}) ({RR} 9. O-O Bd6 10. b3 a6 11. Nxc6 bxc6 12. Bd3 Qb8 13. h3 Qb4 14. Na4 Qh4 15. Qc2 Rb8 16. Bb2 O-O 17. Bd4 Rfe8 18. f4 Ne4 19. Bxe4 Rxe4 20. Qf2 Qd8 21. Rac1 Re8 22. Nc5 Bc8 23. Rc3 a5 {Indjic,A (2589)-Esipenko,A (2702) Samarkand UZB 2023 1-0 (47)}) ({RR} 9. O-O Bd6 10. b3 O-O 11. Bb2 Re8 12. Nce2 Be5 13. Nxc6 bxc6 14. Bxe5 Rxe5 15. Ba4 c5 16. Bxd7 Qxd7 17. Rc1 Rc8 18. Qd2 Ree8 19. Rfd1 Qb7 20. Nc3 c4 21. bxc4 dxc4 22. Rb1 Qe7 23. Qd6 Qxd6 {Aronian,L (2797)-Gelfand,B (2759) Moscow 2014 ½-½ (48)}) ({RR} 9. O-O Bd6 10. b3 a6 11. Nxc6 bxc6 12. Bd3 Qb8 13. h3 Qb4 14. Na4 Qh4 15. Qc2 Rb8 16. Bb2 O-O 17. Bd4 Rfe8 18. f4 Ne4 19. Bxe4 Rxe4 20. Qf2 Qd8 21. Rac1 Re8 22. Nc5 Bc8 23. Rc3 a5 {Indjic,A (2589)-Esipenko,A (2702) Samarkand UZB 2023 1-0 (47)}) 9... Be6 ({RR} 9... a6 10. Ba4 Bd6 11. Nxd5 O-O 12. Ndf4 Qe7 13. O-O Rad8 14. Bd2 Ne4 15. Qc2 Bf5 16. Bc3 b5 17. Bb3 Ng3 18. Nxg3 Bxc2 19. Bxc2 Bxf4 20. Nf5 Bxh2+ 21. Kxh2 Qc7+ 22. Kg1 f6 23. Rac1 g6 24. Bb3+ {Adireddy,A (2310)-Hamidov,A (2289) chess.com INT 2026 0-1 (36)}) ({RR} 9... a6 10. Ba4 Bd6 11. Nxd5 O-O 12. Ndf4 Qe7 13. O-O Rad8 14. Bd2 Ne4 15. Qc2 Bf5 16. Bc3 b5 17. Bb3 Ng3 18. Nxg3 Bxc2 19. Bxc2 Bxf4 20. Nf5 Bxh2+ 21. Kxh2 Qc7+ 22. Kg1 f6 23. Rac1 g6 24. Bb3+ {Adireddy,A (2310)-Hamidov,A (2289) chess.com INT 2026 0-1 (36)}) 10. Nd4 Rc8 $146 11. O-O Bc5 12. Nxe6 fxe6 13. e4 dxe4 14. Bg5 O-O 15. Bc4 Nd4 16. Nxe4 Be7 17. Qd3 b5 18. Bxf6 bxc4 19. Qxd4 Bxf6 20. Nxf6+ Qxf6 21. Qxf6 Rxf6 22. Rfc1 1/2-1/2

[Event "Reggio Emilia Top16 33rd"]
[Site "Reggio Emilia"]
[Date "1991.??.??"]
[Round "?"]
[White "Karpov, Anatoly"]
[Black "Polugaevsky, Lev"]
[Result "1/2-1/2"]
[WhiteElo "2725"]
[BlackElo "2610"]
[PlyCount "80"]
[EventDate "1991.01.??"]
[EventType "tourn"]
[EventRounds "14"]
[EventCountry "ITA"]
[EventCategory "16"]
[SourceTitle "CBM 022"]
[Source "ChessBase"]
[SourceDate "1991.06.01"]
[SourceVersion "1"]
[SourceVersionDate "1991.06.01"]
[SourceQuality "1"]

1. Nf3 c5 2. c4 Nc6 3. Nc3 Nf6 4. e3 e6 5. d4 d5 6. cxd5 exd5 7. Bb5 Bd6 8. O-O O-O 9. h3 Bf5 10. dxc5 Bxc5 11. b3 Qa5 12. Bb2 Rfd8 $146 ({RR} 12... Bb4 13. Bxc6 bxc6 14. Ne2 Ne4 15. Ned4 Bd7 16. a3 Bd6 17. b4 Qb6 18. Nb3 Be6 19. Bd4 Qc7 20. Rc1 Rac8 21. Nc5 a5 22. Qc2 Bf5 23. Qb2 f6 24. Rfd1 axb4 25. axb4 Rfe8 26. Qb3 Qf7 27. Nd3 {Nasyrova,E (2047)-Hakobyan,A (1922) Tornelo INT 2020 1-0 (54)}) ({RR} 12... Bb4 13. Bxc6 bxc6 14. Ne2 Be7 15. Ned4 Bd7 16. Ne5 Rac8 17. Nxd7 Nxd7 18. Nf5 Bf6 19. Bxf6 Nxf6 20. Ne7+ Kh8 21. Nxc8 Rxc8 22. a3 Qb5 23. b4 h6 24. Qd4 Qb7 25. Rac1 Ne4 26. Rfd1 Re8 27. a4 {Hillarp Persson,T (2443)-Nygren,D (2173) Skelleftea 2001 1-0 (40)}) ({RR} 12... Bb4 13. Bxc6 bxc6 14. Ne2 Ne4 15. Ned4 Bd7 16. a3 Bd6 17. b4 Qb6 18. Nb3 Be6 19. Bd4 Qc7 20. Rc1 Rac8 21. Nc5 a5 22. Qc2 Bf5 23. Qb2 f6 24. Rfd1 axb4 25. axb4 Rfe8 26. Qb3 Qf7 27. Nd3 {Nasyrova,E (2047)-Hakobyan,A (1922) Tornelo INT 2020 1-0 (54)}) ({RR} 12... Bb4 13. Bxc6 bxc6 14. Ne2 Be7 15. Ned4 Bd7 16. Ne5 Rac8 17. Nxd7 Nxd7 18. Nf5 Bf6 19. Bxf6 Nxf6 20. Ne7+ Kh8 21. Nxc8 Rxc8 22. a3 Qb5 23. b4 h6 24. Qd4 Qb7 25. Rac1 Ne4 26. Rfd1 Re8 27. a4 {Hillarp Persson,T (2443)-Nygren,D (2173) Skelleftea 2001 1-0 (40)}) 13. Bxc6 bxc6 14. Nd4 Bd7 15. Qf3 Bxd4 16. exd4 Re8 17. Rfe1 Rxe1+ 18. Rxe1 Ne4 19. Re2 Nxc3 20. Bxc3 Qa3 21. Qf4 h6 22. Kh2 Be6 23. Rc2 Qe7 24. Bd2 Qd7 25. Qg3 Kh7 26. Rc5 Re8 27. Bf4 Bf5 28. Ra5 Re2 29. Be3 Qb7 30. b4 Rc2 31. Bf4 a6 32. Bd6 Bg6 33. Qe3 Rb2 34. a3 Rc2 35. Bg3 Rc4 36. f3 Rc2 37. h4 Qc8 38. Kg1 h5 39. Bf4 Ra2 40. Rc5 Qf5 1/2-1/2

[Event "Candidates sf Kasparov-Kortschnoj+4-1=6"]
[Site "London"]
[Date "1983.11.23"]
[Round "2"]
[White "Kortschnoj, Viktor Lvovich"]
[Black "Kasparov, Garry"]
[Result "1/2-1/2"]
[WhiteElo "2600"]
[BlackElo "2690"]
[PlyCount "61"]
[EventDate "1983.11.21"]
[EventType "match"]
[EventRounds "12"]
[EventCountry "ENG"]
[SourceTitle "Candidates"]
[Source "ChessBase"]
[SourceDate "1999.07.01"]
[SourceVersion "2"]
[SourceVersionDate "1999.07.01"]
[SourceQuality "1"]

1. d4 d5 2. c4 e6 3. Nf3 c5 4. cxd5 exd5 5. g3 Nf6 6. Bg2 Be7 7. O-O O-O 8. Nc3 Nc6 9. Bg5 cxd4 10. Nxd4 h6 11. Be3 Re8 12. a3 Be6 13. Qb3 Qd7 14. Nxe6 fxe6 15. Rad1 Bd6 16. Bc1 Kh8 17. Qa4 Qe7 $146 ({RR} 17... a6 18. Qh4 Qf7 19. e4 d4 20. Ne2 Rad8 21. e5 Nxe5 22. Qxd4 Qh5 23. Nf4 Nf3+ 24. Bxf3 Qxf3 25. Rd3 Qg4 26. Qb6 Ne4 27. b4 e5 28. f3 Qd7 29. Ng6+ Kh7 30. fxe4 Kxg6 31. Rfd1 Re6 32. Qf2 {Renman,N (2420)-Ebenfelt,A Linkoping 1984 1-0 (35)}) ({RR} 17... a6 18. Qh4 Qf7 19. e4 d4 20. Ne2 Rad8 21. e5 Nxe5 22. Qxd4 Qh5 23. Nf4 Nf3+ 24. Bxf3 Qxf3 25. Rd3 Qg4 26. Qb6 Ne4 27. b4 e5 28. f3 Qd7 29. Ng6+ Kh7 30. fxe4 Kxg6 31. Rfd1 Re6 32. Qf2 {Renman,N (2420)-Ebenfelt,A Linkoping 1984 1-0 (35)}) 18. e3 a6 19. Qh4 Rac8 20. e4 d4 21. Ne2 e5 22. Bh3 Rc7 23. Bg5 Kg8 24. Bxf6 Qxf6 25. Qxf6 gxf6 26. Nc1 Na5 27. Nd3 Nb3 28. Bf5 a5 29. Kg2 Kg7 30. Kh3 Ree7 31. Nc1 1/2-1/2

[Event "World-ch30-KK1 Karpov-Kasparov +5-3=40"]
[Site "Moscow"]
[Date "1984.09.28"]
[Round "7"]
[White "Karpov, Anatoly"]
[Black "Kasparov, Garry"]
[Result "1-0"]
[WhiteElo "2700"]
[BlackElo "2710"]
[PlyCount "83"]
[EventDate "1984.09.10"]
[EventType "match"]
[EventRounds "48"]
[EventCountry "URS"]
[SourceTitle "MainBase"]
[Source "ChessBase"]
[SourceDate "1999.07.01"]
[SourceVersion "2"]
[SourceVersionDate "1999.07.01"]
[SourceQuality "1"]

1. d4 d5 2. c4 e6 3. Nf3 c5 4. cxd5 exd5 5. g3 Nf6 6. Bg2 Be7 7. O-O O-O 8. Nc3 Nc6 9. Bg5 cxd4 10. Nxd4 h6 11. Be3 Re8 12. Qb3 Na5 13. Qc2 Bg4 14. Nf5 Rc8 15. Nxe7+ Rxe7 16. Rad1 Qe8 17. h3 Bh5 18. Bxd5 $146 ({RR} 18. Qf5 Rxc3 19. bxc3 Bxe2 20. Bd4 Re6 {½-½ (20) Harikrishna,P (2354)-Iuldachev,S (2509) Sangli 2000}) ({RR} 18. Qf5 Rxc3 19. bxc3 Bxe2 20. Bd4 Re6 {½-½ (20) Harikrishna,P (2354)-Iuldachev,S (2509) Sangli 2000}) 18... Bg6 19. Qc1 Nxd5 20. Rxd5 Nc4 21. Bd4 Rec7 22. b3 Nb6 23. Re5 Qd7 24. Qe3 f6 25. Rc5 Rxc5 26. Bxc5 Qxh3 27. Rd1 h5 28. Rd4 Nd7 29. Bd6 Bf7 30. Nd5 Bxd5 31. Rxd5 a6 32. Bf4 Nf8 33. Qd3 Qg4 34. f3 Qg6 35. Kf2 Rc2 36. Qe3 Rc8 37. Qe7 b5 38. Rd8 Rxd8 39. Qxd8 Qf7 40. Bd6 g5 41. Qa8 Kg7 42. Qxa6 1-0

[Event "World Cup"]
[Site "Brussels"]
[Date "1988.??.??"]
[Round "15"]
[White "Speelman, Jonathan S"]
[Black "Portisch, Lajos"]
[Result "1/2-1/2"]
[WhiteElo "2625"]
[BlackElo "2610"]
[PlyCount "42"]
[EventDate "1988.04.??"]
[EventType "tourn"]
[EventRounds "17"]
[EventCountry "BEL"]
[EventCategory "15"]
[SourceTitle "CBM 007"]
[Source "ChessBase"]
[SourceDate "1988.12.01"]
[SourceVersion "1"]
[SourceVersionDate "1988.12.01"]
[SourceQuality "1"]

1. Nf3 Nf6 2. c4 c5 3. Nc3 Nc6 4. e3 e6 5. d4 d5 6. cxd5 exd5 7. Bb5 Bd6 8. dxc5 Bxc5 9. O-O O-O 10. b3 Bg4 11. Bb2 Rc8 12. Rc1 Qd6 13. Be2 a6 14. Nd4 Bxd4 15. Bxg4 Nxg4 16. Qxg4 Be5 17. Rfd1 $146 ({RR} 17. h3 Qe6 18. Qxe6 fxe6 19. Ba3 Rfd8 20. Ne2 Na7 21. Bc5 Nb5 22. Bb6 Re8 23. a4 Nc3 24. Nxc3 Bxc3 25. Rc2 Rc6 26. Rfc1 Rec8 27. f4 Kf7 28. Kf1 Bb4 29. Rxc6 bxc6 30. Bd4 c5 31. Ke2 Ke7 {Stoyanov,T (2465)-Ahmad,K (2406) Petrovac MNE 2024 ½-½ (56)}) ({RR} 17. h3 Qe6 18. Qxe6 fxe6 19. Ba3 Rfd8 20. Ne2 Na7 21. Bc5 Nb5 22. Bb6 Re8 23. a4 Nc3 24. Nxc3 Bxc3 25. Rc2 Rc6 26. Rfc1 Rec8 27. f4 Kf7 28. Kf1 Bb4 29. Rxc6 bxc6 30. Bd4 c5 31. Ke2 Ke7 {Stoyanov,T (2465)-Ahmad,K (2406) Petrovac MNE 2024 ½-½ (56)}) ({RR} 17. h3 Qe6 18. Qxe6 fxe6 19. Ba3 Rfd8 20. Ne2 Na7 21. Bc5 Nb5 22. Bb6 Re8 23. a4 Nc3 24. Nxc3 Bxc3 25. Rc2 Rc6 26. Rfc1 Rec8 27. f4 Kf7 28. Kf1 Bb4 29. Rxc6 bxc6 30. Bd4 c5 31. Ke2 Ke7 {Stoyanov,T (2465)-Ahmad,K (2406) Petrovac MNE 2024 ½-½ (56)}) ({RR} 17. h3 Qe6 18. Qxe6 fxe6 19. Ba3 Rfd8 20. Ne2 Na7 21. Bc5 Nb5 22. Bb6 Re8 23. a4 Nc3 24. Nxc3 Bxc3 25. Rc2 Rc6 26. Rfc1 Rec8 27. f4 Kf7 28. Kf1 Bb4 29. Rxc6 bxc6 30. Bd4 c5 31. Ke2 Ke7 {Stoyanov,T (2465)-Ahmad,K (2406) Petrovac MNE 2024 ½-½ (56)}) 17... Bxh2+ 18. Kf1 Qe6 19. Qf3 Be5 20. Ba3 Bd6 21. Bxd6 Qxd6 1/2-1/2